000 00557nam a2200193Ia 4500
005 20250508165517.0
008 008 250505s9999 xx 000 0 eng d
037 _aTextBook
040 _aFEDL
_beng
_cFEDL
041 _aeng
_2eng
084 _a155.4, SAN/R
_qFEDL
100 _aSandeep Kumar
245 0 _aChild development and pedagogy
260 _aNoida, India
_bPearson India Education Services Pvt. Ltd.
_c2015
300 _axiv, 266p.
546 _aGifted by the Author
942 _cTB
_h155.4, SAN/R
999 _c1395558
_d1395558